ბათუმის შოთა რუსთაველის სახელმწიფო უნივერსიტეტის ბიბლიოთეკა

რადიოტექნიკა : (ბიბ.ჩანაწერი № 58033)

000 -ლიდერი
ფიქსირებული სიგრძის საკონტროლო ველი 00940nam a22002057a 4500
003 - საკონტროლო ნომრის იდენტიფიკატორი
საკონტროლო ველი Ge_BSU
005 - ბოლო ოპერაციის თარიღი და დრო
საკონტროლო ველი 20210518140850.0
008 - ფიქსირებული სიგრძის მონაცემთა ელემენტები - ზოგადი ინფორმაცია
ფიქსირებული სიგრძის საკონტროლო ველი 210518s1970 ge ||||| |||| 00| 0 geo d
041 ## - ენის კოდი
Language code of text/sound track or separate title geo
Language code of original and/or intermediate translations of text ru
080 ## - უნივერსალური ათობითი კლასიფიკაციის ინდექსი
Universal Decimal Classification number 621.396 ჟ-59
100 ## - მთავარი ჩანაწერი - პიროვნების სახელი
Personal name ჟერებცოვი, ი.
9 (RLIN) 11821
245 ## - ცნობა სათაურის შესახებ
Title რადიოტექნიკა :
Remainder of title
Statement of responsibility, etc ი. ჟერებცოვი; მთარგმნელი ვ. ქრისტესაშვილი; რედაქტორი ზ. ჯიბლაძე.
250 ## - გამოცემის ცნობა
Edition statement მე-5 რუს. გამოცემა
264 ## - წარმოების, გამოცემის, დისტრიბუციის და სხვა ცნობები
გამოცემის, წარმოების, დისტრიბუციის... ადგილი თბილისი :
გამოცემის, წარმოების, დისტრიბუციის... სახელწოდება განათლება,
გამოცემის, წარმოების, დისტრიბუციის... თარიღი 1970.
300 ## - ფიზიკური აღწერა
Extent 739 გვ. ;
Other physical details 22 სმ.
653 ## - INDEX TERM--UNCONTROLLED
Uncontrolled term რადიოტექნიკა
700 ## - ADDED ENTRY--PERSONAL NAME
Personal name ქრისტესაშვილი, ვ. ;
Relator term მთარგმნელი
9 (RLIN) 11822
700 ## - ADDED ENTRY--PERSONAL NAME
Personal name ჯიბლაძე, ზ.
Relator term რედაქტორი
9 (RLIN) 11823
942 ## - ADDED ENTRY ELEMENTS (KOHA)
Source of classification or shelving scheme
Koha item type წიგნი
ეგზემპლარები
ჩამოწერის სტატუსი დაკარგული ეგზემპლარის სტატუსი კლასიფიკაციის წყარო ან თაროზე გაწყობის სქემა დაზიანების სტატუსი არ გაიცემა მუდმივი მდებარეობა (დაცვის ადგილი) ამჟამინდელი ადგილსამყოფელი თაროზე განთავსების ადგილი შეძენის თარიღი ღირებულება, შესყიდვის ნორმალური ფასი სრული შენახვის შიფრი შტრიხკოდი ბოლო ოპერაციის თარიღი ეგზემპლარის მიმდევრობითი ნომერი (კეტერი?) ფასის ძალაში შესვლის თარიღი ეგზემპლარის სახეობა საჯარო შენიშვნა
          ტექნოლოგიური ფაკულტეტის ბიბლიოთეკა ტექნოლოგიური ფაკულტეტის ბიბლიოთეკა წიგნსაცავი 2021-05-18 5.90 621.396 ჟ-59 61333 2021-05-18 61333 2021-05-18 წიგნი 5 ლ. 90 თ.